El Ecuador visto por los extranjeros: viajeros de los siglos XVIII y XIX
Saved in:
| Format: | Book |
|---|---|
| Language: | Spanish |
| Published: |
Quito
Corporación de Estudios y Publicaciones
1989
|
| Series: | Biblioteca Ecuatoriana Clásica, 13
|
| Subjects: | |
| Tags: |
Add Tag
No Tags, Be the first to tag this record!
|
MARC
| LEADER | 00000nam a2200000 a 4500 | ||
|---|---|---|---|
| 001 | UCM1745 | ||
| 003 | CL-VaPUC | ||
| 008 | 020412e19890000EC |||||||||||||||||spa|d | ||
| 082 | 0 | 4 | |a 986.6 |b ECU |2 21 |
| 245 | 1 | 3 | |a El Ecuador visto por los extranjeros: viajeros de los siglos XVIII y XIX |
| 300 | |a 580 p | ||
| 942 | |c BK | ||
| 945 | |d 20020412 00:00:00 |a cmena | ||
| 260 | |a Quito |b Corporación de Estudios y Publicaciones |c 1989 | ||
| 650 | 0 | |a Viajeros |x Relatos personales |9 321118 | |
| 650 | 0 | |a Historia |9 255047 | |
| 651 | 0 | |a Ecuador |9 258378 | |
| 583 | |a last modification |c 20020412 00:00:00 |k Rodrigo Vera | ||
| 490 | 0 | |a Biblioteca Ecuatoriana Clásica, 13 | |
| 999 | |c 299986 |d 299984 | ||
| 952 | |0 0 |1 0 |4 0 |6 986_600000000000000_ECU_1989 |7 0 |8 P |9 357257 |a BIBEDU |b BIBEDU |c BIBEDU_PB |d 2019-11-21 |i 3670643 |o 986.6 ECU 1989 |p 3670643 |r 2024-01-25 |w 2019-11-21 |y BK |k LIT | ||